[Event "TUN-chT"]
[Site "Hammamet"]
[Date "2019.03.16"]
[Round "7.3"]
[White "Amdouni, Zoubaier"]
[Black "Bouamaid, Idriss"]
[Result "1-0"]
[WhiteElo "2275"]
[BlackElo "1625"]
[PlyCount "51"]
[EventDate "2019.02.09"]
[EventType "team-tourn"]
[EventRounds "11"]
[EventCountry "TUN"]
[SourceTitle "CBM 190 Extra"]
[Source "ChessBase"]
[SourceDate "2019.07.15"]
[SourceVersion "1"]
[SourceVersionDate "2019.07.15"]
[SourceQuality "1"]
[WhiteTeam "Bouhjar"]
[BlackTeam "Soliman"]
[WhiteTeamCountry "TUN"]
[BlackTeamCountry "TUN"]

1. e4 c5 2. Nf3 d6 3. d4 cxd4 4. Nxd4 Nf6 5. Nc3 g6 6. Be3 Bg7 7. f3 0-0 8. Qd2 Nc6 9. g4 Nxd4 10. Bxd4 Be6 11. h4 Qa5 12. h5 Rac8 13. hxg6 fxg6 14. Bh3 Nd7 15. Bxg7 Kxg7 16. Bg2 Kg8 17. f4 Bxg4 18. Bh3 Nf6 19. Bxg4 Nxg4 20. 0-0-0 Rxc3 21. bxc3 Qxa2 22. Qe2 Rxf4 23. Rhf1 Qa3+ 24. Kd2 Rxf1 25. Rxf1 Ne5 26. Qf2 1-0